|
|
|
|
| LEADER |
00726cam a2200217 a 4500 |
| 001 |
0000120703 |
| 005 |
20111012090000.0 |
| 040 |
|
|
|a mod
|
| 041 |
|
|
|a eng
|
| 020 |
0 |
0 |
|a 0136574955
|
| 090 |
0 |
0 |
|a 004.16
|b KER
|e 1989
|
| 100 |
1 |
0 |
|a Kersey
|h Roger.
|
| 245 |
1 |
0 |
|a Personal computer operation and troubleshooting
|c Roger M. Kersey.
|
| 260 |
0 |
0 |
|a Englewood Cliffs, N.J.
|b Prentice Hall
|c 1989.
|
| 300 |
0 |
0 |
|a xiii, 354 p.
|b ill.
|c 29 cm.
|
| 504 |
0 |
0 |
|a Includes bibliographical references and index
|
| 650 |
0 |
0 |
|a Microcomputers.
|
| 650 |
0 |
0 |
|a Microcomputers
|x Maintenance and repair.
|
| 852 |
0 |
0 |
|a 01
|
| 999 |
|
|
|a B000000439
|b SPPTD
|d BOOKS
|e Umum
|f SPPTD
|j AVAILABLE
|q GOOD CONDITION
|
| 999 |
|
|
|a B000016064
|b IJED
|d BOOKS
|e Umum
|f 4 DIV
|j AVAILABLE
|q GOOD CONDITION
|